Tumors of the head and neck : (Record no. 4844)

MARC details
000 -LEADER
fixed length control field 00783pam a2200253 i 4500
001 - CONTROL NUMBER
control field 4155088
003 - CONTROL NUMBER IDENTIFIER
control field OSt
005 - DATE AND TIME OF LATEST TRANSACTION
control field 20160722170334.0
008 - FIXED-LENGTH DATA ELEMENTS--GENERAL INFORMATION
fixed length control field 780809s1979 mdua b 001 0 eng
010 ## - LIBRARY OF CONGRESS CONTROL NUMBER
LC control number 78012703
020 ## - INTERNATIONAL STANDARD BOOK NUMBER
International Standard Book Number 068300476X
040 ## - CATALOGING SOURCE
Original cataloging agency DLC
Transcribing agency DLC
Modifying agency DLC
082 ## - DEWEY DECIMAL CLASSIFICATION NUMBER
Classification number QY 7
Item number B31t 1979
100 1# - MAIN ENTRY--PERSONAL NAME
Personal name Batsakis, John G.
9 (RLIN) 10392
245 10 - TITLE STATEMENT
Title Tumors of the head and neck :
Remainder of title clinical and pathological considerations /
Statement of responsibility, etc. John G. Batsakis.
250 ## - EDITION STATEMENT
Edition statement 2d ed.
260 ## - PUBLICATION, DISTRIBUTION, ETC. (IMPRINT)
Place of publication, distribution, etc. Baltimore :
Name of publisher, distributor, etc. Williams & Wilkins,
Date of publication, distribution, etc. 1979.
300 ## - PHYSICAL DESCRIPTION
Extent x, 573 p. :
Other physical details ill. ;
Dimensions 26 cm.
504 ## - BIBLIOGRAPHY, ETC. NOTE
Bibliography, etc Includes bibliographical references and index.
650 #0 - SUBJECT ADDED ENTRY--TOPICAL TERM
Topical term or geographic name as entry element Head
General subdivision Tumors.
9 (RLIN) 10393
650 #0 - SUBJECT ADDED ENTRY--TOPICAL TERM
Topical term or geographic name as entry element Neck
General subdivision Tumors.
9 (RLIN) 10394
906 ## - LOCAL DATA ELEMENT F, LDF (RLIN)
a 7
b cbc
c orignew
d 1
e ocip
f 19
g y-gencatlg
942 ## - ADDED ENTRY ELEMENTS (KOHA)
Source of classification or shelving scheme Other/Generic Classification Scheme
Koha item type Open Shelf
Holdings
Withdrawn status Lost status Source of classification or shelving scheme Damaged status Not for loan Home library Current library Date acquired Source of acquisition Inventory number Total Checkouts Full call number Barcode Date last seen Price effective from Koha item type
    Other/Generic Classification Scheme     MUST Main Library MUST Main Library 22/07/2016   2001/16394   QY 7 B31t 1979 2016-3400 22/07/2016 22/07/2016 Open Shelf